000 00487nam a2200181Ia 4500
001 23864
005 20260414151006.0
008 260414t2009||||xx |||||||||||||| ||spa||
041 _aESP
082 _a720.108
_bV935
100 _aVélez González, Roberto
_eAUT
245 0 _aConceptos básicos para un arquitecto :
_bfundamentos para lograr un buen proyecto
260 _c2009
300 _a158 páginas :
_c27 cm.
650 _aABD
654 _aCAU
942 _cLIB
_dJUS
_fJUS
_2ddc
_n
999 _c23864
_d23864